| 000 | 00392nam a2200133Ia 4500 | ||
|---|---|---|---|
| 005 | 20260328101453.0 | ||
| 008 | 260328s9999||||xx |||||||||||||| ||und|| | ||
| 100 | _aLaprade, Albert | ||
| 245 | 0 |
_aCroquis de Arquitectura : _b Apuntes de Viaje por EspaƱa, Portugal y Marruecos (1916-1958) / _cAlbert Laprade |
|
| 260 | _bGustavo Gili | ||
| 300 | _a100 p. | ||
| 650 | _aDIBUJO LIBRE | ||
| 942 | _cBK | ||
| 999 |
_c8724 _d8724 |
||